|
|
|
|
| LEADER |
01805nam a2200445 a 4500 |
| 001 |
001284011 |
| 003 |
CZ BrMZK |
| 005 |
20140723092111.0 |
| 006 |
m||||||||d|||||||| |
| 007 |
co^cg |
| 008 |
130315s2012 xr e 00| 0 cze |
| 015 |
|
|
|a cnb002461854
|
| 020 |
|
|
|a 978-80-7080-837-5
|q (CDR)
|
| 040 |
|
|
|a BOA001
|b cze
|
| 072 |
|
7 |
|a 543
|x Analytická chemie
|2 Konspekt
|9 10
|
| 080 |
|
|
|a 543.6:663/664
|2 MRF
|
| 080 |
|
|
|a 614.31
|2 MRF
|
| 080 |
|
|
|a 632.95.028
|2 MRF
|
| 080 |
|
|
|a 634.10/.19
|2 MRF
|
| 080 |
|
|
|a 664:631.57
|2 MRF
|
| 080 |
|
|
|a (072)
|2 MRF
|
| 080 |
|
|
|a (0.034.44)
|2 MRF
|
| 245 |
0 |
0 |
|a Multidetekční metoda pro sledování reziduí pesticidů v zelenině
|h [elektronický zdroj] :
|b certifikovaná metodika /
|c Jana Hajšlová ... [et al.]
|
| 260 |
|
|
|a Praha :
|b Vysoká škola chemicko-technologická,
|c 2012
|
| 300 |
|
|
|a 1 CD-ROM
|
| 500 |
|
|
|a Název z titulní obrazovky
|
| 500 |
|
|
|a Nad názvem: Vysoká škola chemicko-technologická v Praze, Fakulta potravinářské a biochemické technoloige, ústav analýzy potravin a výživy
|
| 538 |
|
|
|a Požadavky na systém: Adobe Acrobat Reader
|
| 650 |
0 |
7 |
|a analýza potravin
|7 ph135544
|2 czenas
|
| 650 |
0 |
7 |
|a rezidua pesticidů
|7 ph234814
|2 czenas
|
| 650 |
0 |
7 |
|a jádroviny
|7 ph114845
|2 czenas
|
| 650 |
0 |
7 |
|a potraviny rostlinného původu
|7 ph114415
|2 czenas
|
| 655 |
|
7 |
|a metodické příručky
|7 fd132826
|2 czenas
|
| 655 |
|
7 |
|a CD-ROM
|7 fd133955
|2 czenas
|
| 700 |
1 |
|
|a Hajšlová, Jana,
|d 1952-
|7 uzp2006333635
|4 aut
|
| 710 |
2 |
|
|a Vysoká škola chemicko-technologická v Praze.
|b Ústav chemie a analýzy potravin
|7 ko20010091855
|
| 856 |
4 |
1 |
|u http://www.digitalniknihovna.cz/mzk/uuid/uuid:9b821707-89c8-4d21-b41a-1aca39eaa3b3
|y Digitalizovaný dokument
|
| 910 |
|
|
|a BOA001
|b CDR-1302.376
|
| 990 |
|
|
|a BK
|
| 991 |
|
|
|b 201304
|c NOV
|e n
|